[Event "Crema op 11th"]
[Site "Crema"]
[Date "2009.09.04"]
[Round "2"]
[White "Raffaldi, Fabrizio"]
[Black "Adami, Alessandro"]
[Result "0-1"]
[WhiteElo "1760"]
[BlackElo "1473"]
[PlyCount "58"]
[EventDate "2009.09.04"]
[EventType "swiss"]
[EventRounds "6"]
[EventCountry "ITA"]
[SourceTitle "EXT 2011"]
[Source "ChessBase"]
[SourceDate "2010.11.26"]
[SourceVersion "1"]
[SourceVersionDate "2010.11.26"]
[SourceQuality "1"]

1. e4 c5 2. c3 d6 3. d4 cxd4 4. cxd4 Nf6 5. Nc3 e6 6. Nf3 Be7 7. Bd3 0-0 8. 0-0 Nbd7 9. Bf4 a6 10. Qe2 b5 11. Rfe1 Bb7 12. e5 dxe5 13. dxe5 Nd5 14. Nxd5 Bxd5 15. b3 Nc5 16. Bc2 Qc7 17. Ng5 Bxg5 18. Bxg5 Qb7 19. Qg4 g6 20. Bf6 Nd7 21. Qg5 Nxf6 22. exf6 Kh8 23. Qh6 Rg8 24. Re3 Bxg2 25. Be4 Bxe4 26. Rh3 g5 27. Re1 Bf5 28. Rh5 Qc8 29. Re3 Qf8 0-1

[Event "Crema op 06th"]
[Site "Crema"]
[Date "2004.09.04"]
[Round "4"]
[White "Raffaldi, Fabrizio"]
[Black "Gualtieri, Primo"]
[Result "0-1"]
[WhiteElo "1736"]
[BlackElo "1574"]
[PlyCount "28"]
[EventDate "2004.09.03"]
[EventType "swiss"]
[EventRounds "6"]
[EventCountry "ITA"]
[SourceTitle "EXT 2007"]
[Source "ChessBase"]
[SourceDate "2006.11.23"]
[SourceVersion "1"]
[SourceVersionDate "2006.11.23"]
[SourceQuality "1"]

1. e4 c5 2. Nf3 Nc6 3. d4 cxd4 4. Nxd4 Nf6 5. Nc3 e5 6. Nb3 Bb4 7. Bd3 d5 8. exd5 Nxd5 9. Bd2 Nxc3 10. bxc3 Bd6 11. 0-0 0-0 12. Qh5 g6 13. Qe2 Re8 14. Be4 Bd7 0-1

[Event "Crema op 06th"]
[Site "Crema"]
[Date "2004.09.04"]
[Round "3"]
[White "Vecchia, Mario"]
[Black "Raffaldi, Fabrizio"]
[Result "1-0"]
[WhiteElo "2073"]
[BlackElo "1736"]
[PlyCount "55"]
[EventDate "2004.09.03"]
[EventType "swiss"]
[EventRounds "6"]
[EventCountry "ITA"]
[SourceTitle "EXT 2007"]
[Source "ChessBase"]
[SourceDate "2006.11.23"]
[SourceVersion "1"]
[SourceVersionDate "2006.11.23"]
[SourceQuality "1"]

1. e4 c5 2. Nf3 d6 3. c3 Nf6 4. Be2 Nc6 5. d3 e6 6. 0-0 Be7 7. Nbd2 0-0 8. d4 cxd4 9. cxd4 d5 10. e5 Nd7 11. Bd3 f6 12. exf6 Bxf6 13. Re1 e5 14. dxe5 Ndxe5 15. Nxe5 Nxe5 16. Rxe5 Bxe5 17. Qh5 Bxh2+ 18. Kxh2 Qd6+ 19. Kg1 g6 20. Qh4 Bf5 21. Bxf5 Rxf5 22. Nf3 Rh5 23. Qf4 Qe7 24. Be3 Rf5 25. Qg3 Rc8 26. Rd1 b6 27. Nh4 Re5 28. Nxg6 1-0

[Event "Crema op 04th"]
[Site "Crema"]
[Date "2002.09.08"]
[Round "6"]
[White "Raffaldi, Fabrizio"]
[Black "Ruggeri, Dario"]
[Result "1/2-1/2"]
[WhiteElo "1560"]
[BlackElo "1618"]
[PlyCount "88"]
[EventDate "2002.09.06"]
[EventType "swiss"]
[EventRounds "6"]
[EventCountry "ITA"]
[SourceTitle "EXT 2007"]
[Source "ChessBase"]
[SourceDate "2006.11.23"]
[SourceVersion "1"]
[SourceVersionDate "2006.11.23"]
[SourceQuality "1"]

1. d4 d5 2. c4 e5 3. dxe5 d4 4. Nf3 Nc6 5. g3 Bg4 6. Bg2 Bb4+ 7. Bd2 Qe7 8. 0-0 Qc5 9. a3 Bxd2 10. Nbxd2 Nge7 11. b4 Qb6 12. Nb3 Bxf3 13. Bxf3 Nxe5 14. c5 Nxf3+ 15. exf3 Qf6 16. Qxd4 Qxf3 17. Nd2 Qf6 18. Qxf6 gxf6 19. Ne4 Nd5 20. Rfd1 0-0-0 21. Rac1 Rhg8 22. Nd6+ cxd6 23. cxd6+ Kd7 24. Rxd5 Ke6 25. Rcd1 Rg5 26. R5d3 Kd7 27. f4 Rgg8 28. Kf2 Rge8 29. R1d2 Rc8 30. Kf3 Re6 31. Kg4 Rc6 32. Kf5 b6 33. g4 Rc1 34. g5 fxg5 35. Kxg5 Rg1+ 36. Kf5 Rgg6 37. b5 h5 38. Rd4 Ref6+ 39. Ke4 Re6+ 40. Kf3 Rxd6 41. f5 Rxd4 42. Rxd4+ Rd6 43. Ra4 Rd5 44. Rxa7+ Ke8 1/2-1/2